000
00232nam a2200097Ia 4500
008
240331s9999 xx 000 0 und d
082
_b
BAI
100
_a
Baierlein,E.R
245
4
_a
The land of theTamilians and its missions
942
_c
L
999
_c
2002
_d
2002